Graphis Photography Annual 2007 /

Anuario que presenta una selección de las mejores fotografías del año, organizadas temáticamente: publicidad, arquitectura, automóviles, belleza y moda, foto digital, flora, comida y bebida, interiorismo, paisaje, desnudo, retrato, objetos de diseño industrial, deportes, naturaleza muerta y fauna.

Guardado en:
Bibliografiske detaljer
Andre forfattere: Pedersen, B. Martin (dirección creativa) (dirección creativa), Carnick, Anna (edición) (edición)
Format: Bog
Sprog:engelsk
Udgivet: Nueva York, EUA : Graphis, 2006, c2006
Fag:
Tags: Tilføj Tag
Ingen Tags, Vær først til at tagge denne postø!

MARC

LEADER 00000nam^a2200000^a^4500
001 000194519
005 20250521000000.0
009 20260310102718.783
020 |a 1-932026-39-8 
037 |a Acervo ITESO - Biblioteca 
041 |a ING 
082 |a 770. 5  |b PHO 2007 
240 1 1 |a [Graphis Photography Annual] 
245 0 0 |a Graphis Photography Annual 2007 /  |c Dir. creativa de B.M. Pedersen ; ed. de A. Carnick. 
264 4 |a Nueva York, EUA :  |b Graphis,  |c 2006, c2006 
300 |a 218 p. 
336 |a texto  |b txt  |2 rdacontenido 
337 |a sin mediación  |b n  |2 rdamedio 
338 |a volumen  |b nc  |2 rdasoporte 
520 |a Anuario que presenta una selección de las mejores fotografías del año, organizadas temáticamente: publicidad, arquitectura, automóviles, belleza y moda, foto digital, flora, comida y bebida, interiorismo, paisaje, desnudo, retrato, objetos de diseño industrial, deportes, naturaleza muerta y fauna. 
649 |a XX 
650 |a Fotografía -  |x Tema Principal 
650 |a Fotografía -  |x Anuarios 
650 |a Fotografía -  |y 2000-2009 
650 |a Fotografía -  |y Siglo XXI 
650 |a Arte -  |y 2000-2009 
650 |a Arte -  |y Siglo XXI 
650 |a Comunicación Visual 
650 |a Meyerowitz, Joel 
650 |a Watson, Albert 
650 |a Ventura, Paolo 
700 |a Pedersen, B. Martin  |e (dirección creativa) 
700 |a Carnick, Anna  |e (edición) 
910 |a Fondo General 
920 |a Impresos - Libros 
930 |a Reserva Especial 
905 |a 103 
901 |a 0500139601  |b IT1  |c REE  |u 20250521 
902 |a https://opac.biblio.iteso.mx/vufind/Record/000194519